Taylor Swift - Maroon (Lyrics) - Statistics

General Stats
  • This quiz has been taken 3,750 times
  • The average score is 287 of 345
Answer Stats
Answer % Correct
I
99%
the
99%
The
99%
you
98%
You
98%
you,
98%
a
97%
in
96%
In
96%
on
96%
When
96%
my
95%
it
95%
It
95%
my
95%
was
95%
your
95%
"Your
95%
maroon
94%
We
94%
we
94%
And
93%
and
93%
me
92%
So
92%
scarlet,
91%
how"
90%
how
90%
How
90%
that
90%
wine
89%
to
88%
were
88%
with
88%
into
87%
t-shirt
87%
no
86%
splashed
86%
that's
86%
That's
86%
cheeks
85%
of
85%
up
85%
blood
84%
dancing
83%
New
83%
us
83%
York,
83%
one
82%
rushed
82%
shoes
82%
burgundy
81%
came
81%
end
81%
rosé,
81%
again
80%
again?
80%
lost
80%
morning
79%
time
79%
floor,
78%
home
78%
sky
78%
call
77%
friend
77%
lips
77%
roommate's
77%
used
77%
track
76%
closest
75%
say
75%
between
74%
Like
74%
telephones
74%
at
73%
collarbone
73%
anyway?"
72%
rust
72%
grew
71%
Looked
71%
"How'd
70%
mark
70%
saw
70%
cheap-ass
69%
feet
69%
lap
69%
see
69%
now
68%
'Cause
67%
chose
67%
cleaning
67%
every
67%
day
66%
fucking
66%
legacy,
66%
legacy
66%
did
65%
Laughing
65%
off
64%
real
64%
shelf
64%
hell
63%
vinyl
63%
lose
62%
screw-top
60%
incense
58%
hands
57%
leave
56%
memory
56%
over
56%
way
56%
sight
55%
always
54%
head
53%
they
53%
roses,
52%
shit
52%
ends?
51%
had
51%
hallway
51%
hazy
51%
thought
50%
Ain't
49%
gave
49%
standing
49%
blind
48%
Carnations
48%
what
45%
wake
43%
shaking,
42%
rubies
41%
silence
41%
matter
39%
feel
38%
hollow-eyed
37%
Sobbing
37%
No matching quizzes found
Score Distribution
Percent of People with Each Score
Percentile by Number Answered
Your Score History
You have not taken this quiz